Statistics for MIDDLE OF THE NIGHT - Elley Duhé - All Lyrics

Click here to take the quiz!

General Stats

  • This quiz has been taken 21 times
  • The average score is 251 of 299

Answer Stats

Answer% Correct
I
100%
In
100%
middle
100%
night,
100%
night
100%
of
100%
the
100%
to
100%
you,
100%
You
100%
you
100%
call
93%
I’m
93%
my
93%
name
93%
your
93%
yours
93%
yours,
93%
'Cause
87%
‘Cause
87%
it
87%
Just
87%
just
87%
know
87%
me
87%
me,
87%
this
87%
a
80%
ah
80%
oh
80%
oh-woah
80%
ooh
80%
really
80%
want
80%
all
73%
Come,
73%
come
73%
down
73%
is
73%
tame
73%
what
73%
awake
67%
get
67%
like
67%
Like
67%
long
67%
mine
67%
And
60%
comes
60%
crave
60%
Don’t
60%
from
60%
getting
60%
it's
60%
lay
60%
morning
60%
no,
60%
on
60%
please
60%
taste
60%
that
60%
'Til
60%
but
53%
drink
53%
Feel
53%
gon'
53%
lies
53%
mean
53%
up,
53%
wide
53%
Within
53%
you're
53%
cup
47%
hurricane
47%
again
40%
bury
40%
hypnotized
40%
powerful,
40%
sound
40%
summoned
40%
These
40%
these
40%
burning
33%
captivate,
33%
crashing
33%
fill
33%
flames,
33%
over
33%
thoughts
33%
Wash
33%
waves
33%

Score Distribution

Percentile by Number Answered

Percent of People with Each Score

Your Score History

You have not taken this quiz